Palabra de fantasma /

Guardado en:
Autor Principal: Rodriguews Gesualdi, Carlos.
Otros Autores: Roldán, Gustavo (h); il.
Formato: Libro
Publicado: Buenos Aires : Alfaguara, 1999.
Series:Alfaguara Juvenil. Serie Azul
Materias:
Etiquetas: Agregar Etiqueta
Sin Etiquetas, Sea el primero en etiquetar este registro!
LEADER 00758nam a22002175a 4500
001 CEM.cems019684
008 221006s1999##################000#0#####d
005 20221006101727.0
245 1 0 |a Palabra de fantasma /  |c Carlos Rodrigues Gesualdi ; ilustrado por Gustavo Roldán (h). 
260 |a Buenos Aires :  |b Alfaguara,  |c 1999. 
300 |a 187 p. 
490 0 |a Alfaguara Juvenil. Serie Azul 
020 |a 9505114729 
100 1 |a Rodriguews Gesualdi, Carlos. 
700 1 |a Roldán, Gustavo (h); il. 
082 0 4 |a A863.4 
653 |a Litertura Argentina 
653 |a Novelas 
653 |a Literatura juvenil 
859 |a CEMS  |b BIB. CEMS - Inicial y Primaria  |h A863.4  |i R618-1  |k IP  |p 2096  |t Ej.1 
859 |a CEMS  |b BIB. CEMS - Inicial y Primaria  |h A863.4  |i R618-1  |k IP  |p 2097  |t Ej.2